<?xml version="1.0" encoding="UTF-8"?>
<record
    xmlns:xsi="http://www.w3.org/2001/XMLSchema-instance"
    xsi:schemaLocation="http://www.loc.gov/MARC21/slim http://www.loc.gov/standards/marcxml/schema/MARC21slim.xsd"
    xmlns="http://www.loc.gov/MARC21/slim">

  <leader>01542cam a2200445 a 4500</leader>
  <datafield tag="999" ind1=" " ind2=" ">
    <subfield code="c">23923</subfield>
    <subfield code="d">23923</subfield>
  </datafield>
  <controlfield tag="001">vtls001330485</controlfield>
  <controlfield tag="005">20250924105407.0</controlfield>
  <controlfield tag="008">240709s1998    xo     gr     000 0 slo  </controlfield>
  <datafield tag="020" ind1=" " ind2=" ">
    <subfield code="a">8085471523</subfield>
  </datafield>
  <datafield tag="035" ind1=" " ind2=" ">
    <subfield code="a">SNK000283349</subfield>
  </datafield>
  <datafield tag="035" ind1=" " ind2=" ">
    <subfield code="a">urn:nbn:sk:snk-amk5b8</subfield>
  </datafield>
  <datafield tag="035" ind1=" " ind2=" ">
    <subfield code="a">urn:nbn:sk:snk-am00504w</subfield>
  </datafield>
  <datafield tag="035" ind1=" " ind2=" ">
    <subfield code="a">5CC97D29-FE60-4A29-A3ED-3671D33C78D7</subfield>
  </datafield>
  <datafield tag="040" ind1=" " ind2=" ">
    <subfield code="a">SNK</subfield>
    <subfield code="b">slo</subfield>
    <subfield code="c">SNK</subfield>
    <subfield code="e">AACR2</subfield>
  </datafield>
  <datafield tag="041" ind1="0" ind2=" ">
    <subfield code="a">slo</subfield>
  </datafield>
  <datafield tag="044" ind1=" " ind2=" ">
    <subfield code="a">xo</subfield>
    <subfield code="c">SK</subfield>
  </datafield>
  <datafield tag="072" ind1=" " ind2="7">
    <subfield code="a">821.162.4.09</subfield>
    <subfield code="x">Slovensk&#xE1; literat&#xFA;ra  (o nej)</subfield>
    <subfield code="2">konspekt</subfield>
  </datafield>
  <datafield tag="072" ind1=" " ind2="7">
    <subfield code="a">821.09</subfield>
    <subfield code="x">Literat&#xFA;ra v r&#xF4;znych jazykoch (o nej)</subfield>
    <subfield code="2">konspekt</subfield>
  </datafield>
  <datafield tag="080" ind1=" " ind2=" ">
    <subfield code="a">820/899 (100)-3"1945/-"</subfield>
    <subfield code="2">1981</subfield>
  </datafield>
  <datafield tag="080" ind1=" " ind2=" ">
    <subfield code="a">821(100)</subfield>
    <subfield code="2">2011</subfield>
  </datafield>
  <datafield tag="080" ind1=" " ind2=" ">
    <subfield code="a">821.162.4</subfield>
    <subfield code="2">2011</subfield>
  </datafield>
  <datafield tag="080" ind1=" " ind2=" ">
    <subfield code="a">82.02/.09</subfield>
    <subfield code="2">2011</subfield>
  </datafield>
  <datafield tag="080" ind1=" " ind2=" ">
    <subfield code="a">82.09</subfield>
    <subfield code="2">2011</subfield>
  </datafield>
  <datafield tag="080" ind1=" " ind2=" ">
    <subfield code="a">(082.21)</subfield>
    <subfield code="2">2011</subfield>
  </datafield>
  <datafield tag="080" ind1=" " ind2=" ">
    <subfield code="a">(048.8)</subfield>
    <subfield code="2">2011</subfield>
  </datafield>
  <datafield tag="100" ind1="1" ind2=" ">
    <subfield code="a">Calt&#xED;kov&#xE1;, Milada</subfield>
    <subfield code="4">aut</subfield>
    <subfield code="9">1412</subfield>
  </datafield>
  <datafield tag="245" ind1="1" ind2="0">
    <subfield code="a">Sprievodca dielami slovenskej a svetovej literat&#xFA;ry</subfield>
    <subfield code="n">V&#xFD;ber 3</subfield>
    <subfield code="p">(Svetov&#xE1; literat&#xFA;ra po roku 1945)</subfield>
    <subfield code="c">Milada Calt&#xED;kov&#xE1;</subfield>
  </datafield>
  <datafield tag="246" ind1="3" ind2="0">
    <subfield code="a">Svetov&#xE1; literat&#xFA;ra po roku 1945</subfield>
  </datafield>
  <datafield tag="260" ind1=" " ind2=" ">
    <subfield code="a">Nitra</subfield>
    <subfield code="b">Enigma</subfield>
    <subfield code="c">1998</subfield>
  </datafield>
  <datafield tag="300" ind1=" " ind2=" ">
    <subfield code="a">230 s.</subfield>
    <subfield code="c">21 cm</subfield>
  </datafield>
  <datafield tag="648" ind1=" " ind2="7">
    <subfield code="a">po 1945</subfield>
    <subfield code="2">SNKPH</subfield>
    <subfield code="9">4804</subfield>
  </datafield>
  <datafield tag="650" ind1="0" ind2="7">
    <subfield code="a">svetov&#xE1; literat&#xFA;ra</subfield>
    <subfield code="2">SNKPH</subfield>
    <subfield code="9">1654</subfield>
  </datafield>
  <datafield tag="650" ind1="0" ind2="7">
    <subfield code="a">slovensk&#xE1; literat&#xFA;ra</subfield>
    <subfield code="2">SNKPH</subfield>
    <subfield code="9">2297</subfield>
  </datafield>
  <datafield tag="650" ind1="0" ind2="7">
    <subfield code="a">interpret&#xE1;cia a prijatie liter&#xE1;rneho diela</subfield>
    <subfield code="2">SNKPH</subfield>
    <subfield code="9">3149</subfield>
  </datafield>
  <datafield tag="650" ind1="0" ind2="7">
    <subfield code="a">liter&#xE1;rnovedn&#xE9; rozbory</subfield>
    <subfield code="2">SNKPH</subfield>
    <subfield code="9">3150</subfield>
  </datafield>
  <datafield tag="655" ind1=" " ind2="7">
    <subfield code="a">preh&#x13E;ady</subfield>
    <subfield code="2">SNKPH</subfield>
    <subfield code="9">2711</subfield>
  </datafield>
  <datafield tag="655" ind1=" " ind2="7">
    <subfield code="a">v&#xFD;bery</subfield>
    <subfield code="2">SNKPH</subfield>
    <subfield code="9">2003</subfield>
  </datafield>
  <datafield tag="952" ind1=" " ind2=" ">
    <subfield code="0">0</subfield>
    <subfield code="1">0</subfield>
    <subfield code="2">udc</subfield>
    <subfield code="4">0</subfield>
    <subfield code="7">0</subfield>
    <subfield code="8">D</subfield>
    <subfield code="a">10000</subfield>
    <subfield code="b">10000</subfield>
    <subfield code="d">2025-09-24</subfield>
    <subfield code="i">22279</subfield>
    <subfield code="o">S1577</subfield>
    <subfield code="p">S1577</subfield>
    <subfield code="r">2025-09-24</subfield>
    <subfield code="w">2025-09-24</subfield>
    <subfield code="y">OLDO</subfield>
  </datafield>
</record>
